| 000 | 00519nam a2200145 a 4500 | ||
|---|---|---|---|
| 008 | 120416s1967 ||||||||||||||||| || u | ||
| 050 | _aDT 471 Web | ||
| 100 | _aWebster, James Bertin | ||
| 245 | 1 | 4 | _aThe revolutionary years |
| 246 | _aWest Africa since 1800 | ||
| 260 |
_aLondon _bLongmans _c1967 |
||
| 300 | _axv, 343p. : ill. | ||
| 350 | _a0.00 | ||
| 995 |
_D0.00 _FCBU-MAIN LIBRARY (Kitwe) _H1 _I0.00 _M1 _UAVAILABLE _WSep 6, 2006 _ZMain Library Open Access Collection |
||
| 999 |
_c56523 _d56523 |
||